Regions of Uzbekistan - Statistics

General Stats
  • This quiz has been taken 2,266 times
  • The average score is 6 of 13
Answers on the Map
Answers color-coded by a green-red scale on the quiz's map according to % correct below.
 
Answer Stats
Region % Correct
Toshkent
91%
Qoraqalpog‘iston Respublikasi
70%
Buxoro
65%
Farg‘ona
60%
Samarqand
51%
Namangan
44%
Navoiy
40%
Xorazm
37%
Sirdaryo
36%
Andijon
33%
Jizzax
31%
Qashqadaryo
31%
Surxondaryo
30%
No matching quizzes found
Score Distribution
Percent of People with Each Score
Percentile by Number Answered
Your Score History
You have not taken this quiz